000 00585nam a22001937a 4500
005 20150814114757.0
010 _aENG-113504
020 _c795.00
_a9357940340
020 _c795.00
_a9789357940344
035 _aEN-97036
037 _bDBAD/PUB
082 _a000
245 _aGeneral studies 2015 for Civil Services preliminary exam paper- II
_b
260 _aNew Delhi
_bV&S Publishers
_c2015
270 _aF-216, Ansari Road, Daryaganj
_bNew Delhi
_e110002
300 _avarious pagings
_c27cm(pbk)
490 _aThe Gen X series
942 _2ddc
_cEN
_mGEN
_h000
999 _c94988
_d94988